Starting XI For Every PL Club 25/26 - Statistics

General Stats
  • This quiz has been taken 49 times
  • The average score is 48 of 66
Answer Stats
Hint Answer % Correct
GK Alisson
98%
RW Bukayo Saka
95%
GK David Raya
95%
CDM Declan Rice
95%
CB Gabriel
93%
GK Gianluigi Donnarumma
93%
ST Hugo Ekitiké
93%
RW Mohamed Salah
93%
ST Viktor Gyökeres
93%
CB Virgil van Dijk
93%
CB William Saliba
93%
LB Milos Kerkez
90%
ST Erling Haaland
88%
CB Ibrahima Konate
88%
RB Jurriën Timber
88%
CAM Bruno Fernandes
85%
LW Cody Gakpo
85%
CAM Cole Palmer
85%
LB Marc Cucurella
85%
CM Martin Zubimendi
85%
CB Rúben Dias
85%
CM Alexis Mac Allister
83%
CAM Dominik Szoboszlai
83%
ST João Pedro
83%
RB Jeremie Frimpong
80%
LW Pedro Neto
80%
RB Reece James
80%
GK Robert Sánchez
80%
CAM Eberechi Eze
78%
CM Enzo Fernández
78%
RW Bryan Mbeumo
75%
GK Guglielmo Vicario
75%
CAM Rayan Cherki
75%
CM Ryan Gravenberch
75%
LW Matheus Cunha
73%
CDM Moisés Caicedo
73%
CM Rodri
73%
ST Benjamin Šeško
70%
CM Casemiro
70%
CB Cristian Romero
70%
CB Micky van de Ven
70%
LB Riccardo Calafiori
70%
RB Diogo Dalot
68%
CM Kobbie Mainoo
68%
LW Antoine Semenyo
65%
CB Matthijs de Ligt
65%
LW Noni Madueke
65%
GK Senne Lammens
65%
RB Pedro Porro
63%
CM Tijjani Reijnders
63%
CB Lisandro Martínez
60%
ST Richarlison
60%
LB Patrick Dorgu
58%
CB Wesley Fofana
58%
RW Estêvão
55%
CB Marc Guehi
55%
LB Djed Spence
53%
CB Trevoh Chalobah
53%
CAM Xavi Simons
53%
RB Matheus Nunes
50%
RW Omar Marmoush
50%
LW Mohammed Kudus
48%
LB Rayan Aït-Nouri
48%
CM Lucas Bergvall
40%
RW Mathys Tel
40%
CM Conor Gallagher
30%
No matching quizzes found
Score Distribution
Percent of People with Each Score
Percentile by Number Answered
Your Score History
You have not taken this quiz